000 01270cam a2200349 a 4500
003 CHAP
005 20220817043906.0
008 030529d2001 mx d rs o00110 spa d
010 _a87263
011 _a88235
020 _a9701336992
035 _a98780
040 _cCHAP
082 0 4 _a312.0972
_bI66
110 1 _aInstituto Nacional de Estadística, Geografía e Informática. México
_959304
245 1 0 _aResultados del levantamiento censal en área rural
_c/por Instituto Nacional de Estadística Geografía e Informática
260 _aAguascalientes, Ags. :
_bInstituto Nacional de Estadística, Geografía e Informática,
_c2001
300 _a70 p. :
_bcuadros
590 _aBATCH-UPD
_b10
_c20130110
_lUCH01
_h1010
590 _aBATCH-UPD
_b10
_c20130410
_lUCH01
_h0619
590 _aBATCH-UPD
_b10
_c20130914
_lUCH01
_h1014
590 _aCONVERSION
_b10
_c20130109
_lUCH01
_h1348
650 1 4 _aComercio
_xEstadísticas.
_925571
650 1 4 _aMéxico
_xCensos.
650 1 4 _aPoblación rural
_zMéxico.
_989459
650 1 4 _aServicios públicos
_xEstadísticas.
_9105336
790 0 _aCensos económicos 1999
901 _aBK
905 _aMarco A. Mendoza T.
942 _cLIBRO
949 _a312.0972 I66
_bBC
_cINEGI
_d33724000894135
_eINEGI
_h103641
_i98780
_sb
999 _c87263
_d87263